[Event "Moscow-D"]
[Site "Moscow"]
[Date "1996.??.??"]
[Round "?"]
[White "Gelman, Alexander"]
[Black "Iskusnyh, Sergei"]
[Result "1-0"]
[WhiteElo "2390"]
[BlackElo "2460"]

1.e4 c5 2.Nc3 Nc6 3.Nf3 d6 4.g3 e5 5.Bg2 g6 6.d3 Bg7 7.Nd2 Nge7 8.Nc4 O-O
9.O-O Be6 10.a4 Qd7 11.Nd5 f5 12.f4 Kh8 13.c3 Bg8 14.Re1 Rad8 15.a5 fxe4
16.dxe4 exf4 17.Bxf4 Ne5 18.Nxe5 Bxe5 19.Bxe5+ dxe5 20.Qe2 Nc8 21.Qe3 b6
22.axb6 axb6 23.Qg5 Qd6 24.Bh3 Be6 25.Bxe6 Qxe6 26.Qh6 Kg8 27.Rf1 Qd6 28.g4 Rxf1+
29.Rxf1 Rf8 30.g5 Rxf1+ 31.Kxf1 Kh8 32.Ke2 c4 33.h4 Qd8 34.Ke1 Nd6 35.Nf6 Qe7
36.Nxh7 Qg7 37.Qxg7+ Kxg7 38.Nf6 b5 39.Kd2 Kf7 40.Ke3 Nb7 41.Nd5 Nc5 42.Nc7 Na4
43.Nxb5 Nxb2 44.Kd2 Ke7 45.Na3 Ke6 46.Kc2 Nd3 47.Nxc4 Nc5 48.Nd2 Kd6 49.Kd1 Na4
50.Kc2 Nc5 51.c4 Nd7 52.Kc3 Nc5 53.Kb4 Kc6 54.Nf3 Na6+ 55.Ka5  1-0

[Event "Moscow-D"]
[Site "Moscow"]
[Date "1996.??.??"]
[Round "?"]
[White "Balashov, Yuri S"]
[Black "Kochetkov, German"]
[Result "1/2-1/2"]
[WhiteElo "2480"]
[BlackElo "2385"]

1.e4 c5 2.Nc3 Nc6 3.Bb5 Na5 4.Nf3 a6 5.Be2 e6 6.O-O b5 7.d3 Bb7 8.a3 Nf6
9.e5 b4 10.axb4 cxb4 11.Na4 Nd5 12.c4 bxc3 13.bxc3 Bc6 14.Bd2 Rb8 15.c4 Nb4
16.Bc3 Be7 17.Nb2 O-O 18.d4 Be4 19.Nd2 Bc2 20.Qc1 Bg6 21.d5 exd5 22.cxd5 Rc8
23.Nbc4 Nxc4 24.Nxc4 Nd3 25.Qd2 Bg5 26.f4 Rxc4 27.fxg5 Qb6+ 28.Kh1 Qb3 29.Bxd3 Bxd3
30.Qxd3 Rxc3 31.Qxa6 Qxd5 32.Qd6 Qxd6 33.exd6 Rd3 34.Rad1 Rxd1 35.Rxd1 f6
36.Re1 fxg5 37.g4 g6 38.Re7 Rf7 39.Re8+ Kg7 40.Kg2 h5 41.h3 hxg4 42.hxg4 Rf4
43.Re7+ Kf6 44.Kg3 Rd4 45.Rxd7 Rd3+ 46.Kf2 Ke5 47.Re7+ Kxd6 48.Rg7 Ke5 49.Rxg6 Kf4
50.Ra6 Rd2+ 51.Kg1 Re2 52.Ra3 Kxg4 53.Kf1 Rb2 54.Kg1 Kh4 55.Ra4+ g4 56.Ra3  1/2-1/2

[Event "Moscow GM2"]
[Site "Moscow"]
[Date "1996.??.??"]
[Round "?"]
[White "Kobalija, Mihail"]
[Black "Dragomarezkij, Evgeni"]
[Result "1/2-1/2"]
[WhiteElo "2425"]
[BlackElo "2455"]

1.e4 c5 2.Nc3 Nc6 3.Nge2 d6 4.d4 cxd4 5.Nxd4 Nf6 6.Bc4 Qb6 7.Ndb5 a6 8.Be3 Qa5
9.Nd4 Ng4 10.Nxc6 bxc6 11.Bd2 g6 12.Be2 Nf6 13.Nd5 Qd8 14.Nxf6+ exf6 15.O-O Rb8
16.b3 Be7 17.Bf4 O-O 18.Qd3 Qc7 19.Rfd1 Rd8 20.Rd2 Rb6 21.Qg3 Be6 22.Rad1 c5
23.Qc3 Rd7 24.Bc4 Rd8 25.Bd5 Qc8 26.a3 Bxd5 27.Rxd5 Rc6 28.h3 Qe6 29.Qc4 Kg7
30.Bg3 Bf8 31.f3 Qc8 32.Kh1 Qc7 33.Be1 Re8 34.Qc3 Re6 35.Qe3 Kg8 36.Qf4 Bg7
37.Bc3 Qe7 38.Qd2 Qc7 39.Qf2 Bh6 40.Qh4 Bg7 41.Qf4 Qe7 42.Be1 Re5 43.Bg3 Bf8
44.Qd2 Re6 45.Qc3 Qb7 46.Qd3 Qb5 47.c4 Qb7 48.Qc2 Rb6 49.R1d3 Rc6 50.Qd1 Qb6
51.Qd2 Qc7 52.Qc2 Kg7 53.Rd1 Qc8 54.Rc1 Qb7 55.Rb1 Re8 56.Qd3 Qc7 57.Be1 Kg8
58.Bc3 Re6 59.Bd2 Qc8 60.Rc1 Qc7 61.Re1 Re8 62.Bc3 Be7 63.f4 Qb7 64.e5 dxe5
65.fxe5 f5 66.Rd7 Qb6 67.Qd5 Re6 68.Rb7 Qc6 69.Qxc6 Rxc6 70.Rd1 Kf8 71.Rdd7 h5
72.Kg1 Re6 73.b4 cxb4 74.axb4 Rd8 75.Rxd8+ Bxd8 76.Kf2 Bg5 77.c5 Bf4 78.Rb6 Ke7
79.Kf3 Bh2 80.g3 h4 81.gxh4 Rxb6 82.cxb6 Kd7 83.Bd4 Kc6  1/2-1/2

[Event "Moscow GM2"]
[Site "Moscow"]
[Date "1996.??.??"]
[Round "?"]
[White "Maiorov, Oleg"]
[Black "Pogorelov, Ruslan"]
[Result "1-0"]
[WhiteElo "2420"]
[BlackElo "2440"]

1.e4 c5 2.Nc3 Nc6 3.Nge2 d6 4.d4 cxd4 5.Nxd4 e6 6.Be3 Nf6 7.f3 Be7 8.Qd2 a6
9.g4 O-O 10.O-O-O Nxd4 11.Bxd4 b5 12.g5 Nd7 13.h4 Rb8 14.Kb1 Ne5 15.Qf2 Qc7
16.f4 b4 17.Ne2 Rd8 18.Ng3 Nc6 19.Be3 Bf8 20.h5 a5 21.f5 Ne5 22.Be2 a4 23.b3 Bd7
24.g6 Rdc8 25.Rc1 Bb5 26.Bd4 Bxe2 27.Nxe2 Qb7 28.gxf7+ Qxf7 29.Rcg1 axb3
30.cxb3 exf5 31.exf5 Rb5 32.f6 Nc6 33.Bb2 d5 34.Rh4 d4 35.Nxd4 Nxd4 36.Qxd4 Rxh5
37.Rxh5 Qxh5 38.Qd7 Re8 39.Rxg7+ Kh8 40.Rg1  1-0

[Event "Moscow GM1"]
[Site "Moscow"]
[Date "1996.??.??"]
[Round "?"]
[White "Najer, Evgeniy"]
[Black "Samoliuk, Igor"]
[Result "1-0"]
[WhiteElo "2455"]
[BlackElo "2285"]

1.e4 c5 2.Nc3 Nc6 3.Bb5 g6 4.Bxc6 bxc6 5.d3 Bg7 6.f4 d6 7.Nf3 Nf6 8.O-O O-O
9.Qe1 Ne8 10.Kh1 f5 11.e5 Nc7 12.Na4 Ne6 13.Be3 dxe5 14.Nxe5 Bxe5 15.fxe5 Qd5
16.Qh4 Rf7 17.Rae1 Ba6 18.b3 f4 19.Qf2 Raf8 20.Bxc5 f3 21.g3 Ng5 22.Nc3 Qe6
23.Ne4 Qxe5 24.Nd6  1-0

[Event "Moscow-ch"]
[Site "Moscow"]
[Date "1996.??.??"]
[Round "1"]
[White "Gelman, Alexander"]
[Black "Rosanov, Lev I"]
[Result "1-0"]
[WhiteElo "2400"]
[BlackElo "2195"]

1.e4 c5 2.Nc3 Nc6 3.Nf3 e5 4.Bc4 Be7 5.d3 d6 6.O-O Be6 7.Nd5 Nf6 8.Ng5 Bxd5
9.exd5 Nb8 10.a4 Nbd7 11.a5 O-O 12.c3 h6 13.Nf3 Rb8 14.d4 cxd4 15.cxd4 e4
16.Nh4 Re8 17.Nf5 Bf8 18.Ra3 Qc7 19.Ba2 Rbc8 20.Bb3 Kh7 21.Ba4 g6 22.Ne3 Red8
23.f3 exf3 24.Qxf3 Bg7 25.Bd2 Re8 26.Qh3 Re7 27.Be1 Ng8 28.Bh4 f6 29.Rc3 Qd8
30.Bc2 Rxc3 31.bxc3 Nf8 32.Nc4 Rc7 33.Qd3 Qc8 34.Nxd6 Qg4 35.Bg3 f5 36.Nxf5 Rxc3
37.Qxc3  1-0

[Event "RUS-Cup2"]
[Site "Moscow"]
[Date "1996.??.??"]
[Round "1"]
[White "Najer, Evgeniy"]
[Black "Safaev, A."]
[Result "1-0"]
[WhiteElo "2480"]
[BlackElo "2215"]

1.e4 c5 2.Nc3 Nc6 3.Bb5 Nd4 4.Bc4 e6 5.Nf3 Nxf3+ 6.Qxf3 d6 7.O-O Nf6 8.Qg3 a6
9.d3 b5 10.Bb3 Bb7 11.Re1 g6 12.Bg5 h6 13.Be3 Bg7  1-0

[Event "Moscow-ch"]
[Site "Moscow"]
[Date "1996.??.??"]
[Round "2"]
[White "Kobalija, Mihail"]
[Black "Krasnov, Sergey"]
[Result "1/2-1/2"]
[WhiteElo "2495"]
[BlackElo "2295"]

1.e4 c5 2.Nc3 Nc6 3.Nge2 a6 4.d4 cxd4 5.Nxd4 e6 6.Be2 Qc7 7.Be3 Nf6 8.O-O Bb4
9.Na4 b5 10.Nxc6 dxc6 11.Nb6 Rb8 12.Nxc8 Rxc8 13.Bd3 e5 14.a4 O-O 15.axb5 axb5
16.c3 Ba5 17.Bg5 Rcd8 18.Bxf6 gxf6 19.Qg4+ Kh8 20.Be2 Bb6 21.Qh4 Kg7 22.Bg4 Rd2
23.Bf5 h6 24.Qg4+ Kh8 25.b4 Rfd8 26.Qh4 Kg7 27.Qg4+ Kh8 28.Qh4 Kg7  1/2-1/2

[Event "Moscow-ch"]
[Site "Moscow"]
[Date "1996.??.??"]
[Round "5"]
[White "Guseinov, Kadir"]
[Black "Utemov, Vladimir"]
[Result "0-1"]
[WhiteElo "2265"]
[BlackElo "2400"]

1.e4 c5 2.Nc3 Nc6 3.Nf3 d6 4.d4 cxd4 5.Nxd4 Nf6 6.g3 g6 7.Bg2 Bd7 8.O-O Bg7
9.Nb3 O-O 10.h3 Rb8 11.Be3 b5 12.a3 a6 13.f4 Qc8 14.g4 a5 15.f5 b4 16.axb4 axb4
17.Nd5 Nxd5 18.exd5 Ne5 19.fxg6 hxg6 20.Bg5 Qc7 21.Bxe7 Bxg4 22.hxg4 Qxe7
23.Nd2 Bh6 24.Ne4 Be3+ 25.Kh2 Kg7 26.Kg3 f5 27.Qe2 Nxg4 28.Bf3 Qe5+  0-1

[Event "Moscow Alekhine op"]
[Site "Moscow"]
[Date "1996.??.??"]
[Round "6"]
[White "Losev, Dmitry"]
[Black "Belikov, Vladimir"]
[Result "1/2-1/2"]
[WhiteElo "2370"]
[BlackElo "2500"]

1.e4 c5 2.Nc3 Nc6 3.Nf3 d6 4.d4 cxd4 5.Nxd4 Nf6 6.Bc4 Qb6 7.Nde2 e6 8.O-O Be7
9.Kh1 a6 10.a3 O-O 11.Ba2 Bd7 12.Be3 Qc7 13.f4 Na5 14.Qd3 b5 15.Rad1 Nc4
16.Bc1 Rad8 17.Ng3 Rfe8 18.Bxc4 bxc4 19.Qe2 Bc8 20.f5 Qc5  1/2-1/2

[Event "Moscow-ch"]
[Site "Moscow"]
[Date "1996.??.??"]
[Round "6"]
[White "Lastin, Alexander"]
[Black "Yakovich, Yuri"]
[Result "1/2-1/2"]
[WhiteElo "2495"]
[BlackElo "2530"]

1.e4 c5 2.Nc3 Nc6 3.Nge2 Nf6 4.d4 cxd4 5.Nxd4 e5 6.Ndb5 d6 7.Bg5 a6 8.Na3 b5
9.Nd5 Be7 10.Bxf6 Bxf6 11.c3 O-O 12.Nc2 Rb8 13.Be2 Bg5 14.O-O a5 15.Na3 b4
16.Nb5 bxc3 17.bxc3 Ne7 18.Bc4 Nxd5 19.Qxd5 Rb6 20.a4 Qf6 21.Qd3 Qh6 22.Rad1 Rd8
23.Bd5 Bg4 24.Rb1 Bf4 25.h3 Bd7 26.Rfd1 Qg6 27.c4 Bg5 28.Rb3 Rc8 29.Qe2 Be7
30.Qd2 Bd8 31.Rg3 Qh5 32.Rf3 Be8 33.Rb1 Qg5 34.Qd1 Qe7 35.Rb2 Kh8 36.Rfb3 Rbb8
37.Qb1 g6 38.Nc3 Rb4 39.Rxb4 axb4 40.Rxb4 Ba5 41.Rb7 Rc7 42.Rxc7  1/2-1/2

[Event "Moscow-ch"]
[Site "Moscow"]
[Date "1996.??.??"]
[Round "6"]
[White "Nikolenko, Oleg"]
[Black "Grigoriants, Sergey"]
[Result "1/2-1/2"]
[WhiteElo "2480"]
[BlackElo "2275"]

1.e4 c5 2.Ne2 Nc6 3.Nbc3 d6 4.d4 cxd4 5.Nxd4 Nf6 6.Bg5 e6 7.Qd2 Be7 8.O-O-O Nxd4
9.Qxd4 O-O 10.e5 dxe5 11.Qxe5 Bd7 12.h4 Rc8 13.Rh3 Rc5 14.Qe3 Qc8 15.Qd2 Rc7
16.Bf4 e5 17.Bxe5 Bxh3 18.Bxc7 Bg4 19.f3 Bxf3 20.gxf3 Qxc7 21.Kb1 Qg3 22.Nd5 Nxd5
23.Qxd5 b6 24.h5  1/2-1/2

[Event "RUS-Cup2"]
[Site "Moscow"]
[Date "1996.??.??"]
[Round "9"]
[White "Popov, Alexey"]
[Black "Nekrasova, Elena"]
[Result "1/2-1/2"]
[WhiteElo "2240"]
[BlackElo "2085"]

1.e4 c5 2.Nc3 Nc6 3.Bb5 g6 4.Bxc6 dxc6 5.d3 Bg7 6.f4 c4 7.Nf3 Bg4 8.h3 Bxf3
9.Qxf3 cxd3 10.Qxd3 Qb6 11.e5 Rd8 12.Qe3 Qa6 13.Qe2 Qb6 14.Ne4 h5 15.a4 Qd4
16.Ra3 Nh6 17.Nd6+ Kf8 18.Nc4 Qd7 19.O-O Nf5 20.Rd3 Qc7 21.Rfd1 Rxd3 22.Qxd3 Ke8
23.Na5 Bxe5 24.fxe5 Qxa5 25.Qd7+ Kf8 26.Qd8+ Qxd8 27.Rxd8+ Kg7 28.Rd7 h4
29.Bg5 a5 30.Rxb7 Rd8 31.Bxe7 Nxe7 32.Rxe7 Rd2  1/2-1/2

[Event "Muenster op"]
[Site "Muenster"]
[Date "1996.??.??"]
[Round "9"]
[White "Kupreichik, Viktor D"]
[Black "Scho, Christian"]
[Result "1-0"]
[WhiteElo "2510"]
[BlackElo "2180"]

1.e4 c5 2.Nc3 Nc6 3.Nf3 g6 4.d4 cxd4 5.Nxd4 Bg7 6.Nb3 Bxc3+ 7.bxc3 Nf6 8.Bd3 d5
9.exd5 Qxd5 10.O-O Bf5 11.c4 Qd7 12.Bb2 O-O 13.Nc5 Qc8 14.Bxf6 exf6 15.Bxf5 Qxf5
16.Nxb7 Qf4 17.c5 Rab8 18.Rb1 Ne5 19.Qd5 Ng4 20.g3 Qh6 21.h4 f5 22.Nd6 Rxb1
23.Rxb1 f4 24.Rb4 Nxf2 25.Kxf2 fxg3+ 26.Kg2 Qe3 27.Qd4 Qe2+ 28.Kxg3 Qe1+
29.Kg2  1-0

[Event "New York CITS"]
[Site "New York"]
[Date "1996.??.??"]
[Round "9"]
[White "De Firmian, Nick E"]
[Black "Salov, Valery"]
[Result "0-1"]
[WhiteElo "2595"]
[BlackElo "2670"]

1.e4 c5 2.Nf3 Nc6 3.Nc3 d6 4.d4 cxd4 5.Nxd4 Nf6 6.Bc4 e6 7.Be3 a6 8.Bb3 Qc7
9.O-O Na5 10.f4 b5 11.f5 e5 12.Nde2 Bb7 13.Nd5 Nxd5 14.Bxd5 Nc4 15.Bc1 Qc5+
16.Kh1 Bxd5 17.exd5 Nb6 18.Nc3 Be7 19.Ne4 Qxd5 20.Qf3 Rc8 21.Be3 Nd7 22.Rad1 Qc6
23.Rd3 d5 24.Rc3 Qb7 25.f6 Nxf6 26.Nxf6+ Bxf6 27.Rxc8+ Qxc8 28.Qxd5 O-O 29.Qe4 Qe6
30.b3 Rc8 31.Rf2 Be7 32.Kg1 f6 33.Kf1 g6 34.Qb7 Rd8 35.Rd2 Rxd2 36.Bxd2 h5
37.h3 g5 38.Be3 g4 39.hxg4 hxg4 40.Bb6 g3 41.Ke2 f5 42.Bc7 Bf6 43.Qf3 Kf7
44.Ba5 f4 45.Qe4 Kg7 46.c4 bxc4 47.bxc4 Qg4+ 48.Kd2 Qd7+ 49.Ke2 Qa4 50.Bd2 Qxa2
51.c5 Qb2 52.c6 Bd8 53.Kd1 Qb5 54.Bc3 Bc7 55.Kc2 Qc5 56.Kb3 a5 57.Qf3 Kf8
58.Qe4 Kg7 59.Qf3 Kh6 60.Qe4 Kg5 61.Bd2 Qd6 62.Qc4 Qxd2 63.Qg8+ Kf6 64.Qf8+ Ke6
65.Qc8+ Kd5 66.Qxc7 Qb4+ 67.Kc2 Qc4+ 68.Kb2 Qb5+ 69.Ka2 Qxc6 70.Qd8+ Ke4
71.Qe7 Qa4+  0-1

[Event "JUG-chT"]
[Site "Niksic"]
[Date "1996.??.??"]
[Round "?"]
[White "Dragojlovic, Andjelko"]
[Black "Milanovic, Vojislav"]
[Result "1/2-1/2"]
[WhiteElo "2325"]
[BlackElo "2350"]

1.e4 c5 2.Nf3 Nc6 3.Nc3 e5 4.Bc4 d6 5.d3 Be7 6.Ng5 Bxg5 7.Qh5 g6 8.Qxg5 Qxg5
9.Bxg5 Be6 10.Nd5 Bxd5 11.Bxd5 h6 12.Be3 Nge7 13.Bc4 f5 14.f4 exf4 15.Bxf4 Nd4
16.Kd2 fxe4 17.dxe4 O-O-O 18.c3 d5 19.cxd4 dxc4 20.d5 g5 21.Bg3 Rhe8 22.Rac1 b5
23.b3 Nc6 24.Rhe1 Na5 25.Bf2 Kb7 26.bxc4 Nxc4+ 27.Rxc4 bxc4 28.Kc3 Rd6 29.Kxc4 Ra6
30.Kb3 c4+ 31.Kb2 Kc7 32.Bg3+ Kd7 33.e5 Ke7 34.Rf1 Rd8 35.d6+ Ke6 36.Kc3 Kd5
37.Rd1+ Ke6 38.Kd4 Rxa2 39.Rf1 Rd2+ 40.Ke4 Re2+ 41.Kd4 Rd2+ 42.Ke4  1/2-1/2

[Event "JUG-chT"]
[Site "Niksic"]
[Date "1996.??.??"]
[Round "?"]
[White "Dragojlovic, Andjelko"]
[Black "Markovic, Miroslav"]
[Result "1/2-1/2"]
[WhiteElo "2365"]
[BlackElo "2485"]

1.e4 c5 2.Nf3 Nc6 3.Nc3 Nf6 4.Bb5 g6 5.e5 Ng4 6.Bxc6 dxc6 7.h3 Nh6 8.b3 Bg7
9.g4 O-O 10.Bb2 f5 11.g5 Nf7 12.Qe2 Be6 13.O-O-O Qa5 14.h4 b5 15.h5 Rfd8
16.hxg6 hxg6 17.Nh4 Nh8 18.Ng2 Rd4 19.Rh4 Rxh4 20.Nxh4 Rd8 21.f4 c4 22.Qe3 Qb6
23.Qxb6 axb6 24.b4 Bf8 25.d3 Kf7 26.dxc4 Rxd1+ 27.Nxd1 bxc4 28.Bd4 b5 29.Nc3 Kg7
30.Nf3 Nf7 31.Bb6 Bd7 32.a4 e6 33.Bc5 Nd8 34.Bxf8+ Kxf8 35.axb5 cxb5 36.Nd4 Nc6
37.Nxc6 Bxc6 38.Ne2 Ke7 39.Kd2 Be8 40.Ke3 Kd7 41.Nd4 Ke7 42.Kd2 Bd7 43.Ne2 Kd8
44.Ke3 Kc7 45.Kd4 Kb6  1/2-1/2

[Event "JUG-chT"]
[Site "Niksic"]
[Date "1996.??.??"]
[Round "?"]
[White "Dragojlovic, Andjelko"]
[Black "Bakic, Rados"]
[Result "0-1"]
[WhiteElo "2325"]
[BlackElo "2445"]

1.e4 c5 2.Nf3 Nc6 3.Nc3 Nf6 4.Bb5 e5 5.Bxc6 dxc6 6.d3 Bd6 7.b3 Nd7 8.h3 Nf8
9.Ne2 Ne6 10.Ng3 g6 11.Bb2 f6 12.Nf1 Qe7 13.Ne3 Nd4 14.Nd2 Bd7 15.Ndc4 Bc7
16.a4 O-O 17.h4 f5 18.h5 Qg5 19.hxg6 hxg6 20.exf5 gxf5 21.Nd2 Rf7 22.c3 Ne6
23.g3 Qg6 24.Nf3 Rh7 25.Kd2 Ng5 26.Rxh7 Nxh7 27.Qh1 e4 28.Nh4 Qf7 29.c4 Re8
30.Nhg2 Ba5+ 31.Ke2 exd3+ 32.Kxd3 f4 33.Nxf4 Qf5+ 34.Ke2 Qc2+ 35.Kf3 Qe4+
36.Ke2 Bg4+  0-1

[Event "JUG-chT"]
[Site "Niksic"]
[Date "1996.??.??"]
[Round "?"]
[White "Velickovic, Sasa"]
[Black "Nikac, Predrag"]
[Result "0-1"]
[WhiteElo "2405"]
[BlackElo "2375"]

1.e4 c5 2.Nc3 Nc6 3.Nge2 g6 4.d4 cxd4 5.Nxd4 Bg7 6.Nde2 Nf6 7.g3 O-O 8.Bg2 d6
9.O-O Bd7 10.h3 Rc8 11.Nd5 Ne5 12.a4 Nxd5 13.exd5 Qc7 14.Nd4 Qc5 15.c3 Rfe8
16.Nc2 Qc4 17.Ne3 Qa6 18.Ra3 b6 19.Re1 Qd3 20.Bf1 Qe4 21.Bg2 Qb1 22.Bf1 g5
23.Nc2 Bf5 24.Nd4 Nc4 25.Bxc4 Rxc4 26.Bxg5 Qxd1 27.Rxd1 Bxh3 28.Nc6 e6 29.Nxa7 exd5
30.a5 Bg4 31.Rda1 bxa5 32.Rxa5 d4 33.cxd4 Bxd4 34.Nb5 Bc5 35.Ra8 Rxa8 36.Rxa8+ Kg7
37.Nc3 Bf3 38.Be3 Bxa8  0-1

[Event "JUG-chT"]
[Site "Niksic"]
[Date "1996.??.??"]
[Round "?"]
[White "Brenjo, Slavisa"]
[Black "Stankovic, Dragan"]
[Result "1-0"]
[WhiteElo "2440"]
[BlackElo "2330"]

1.e4 c5 2.Nc3 Nc6 3.Nge2 e6 4.g3 Nge7 5.Bg2 d6 6.O-O Nd4 7.Nxd4 cxd4 8.Ne2 e5
9.d3 Nc6 10.c3 dxc3 11.Nxc3 Be7 12.Nd5 O-O 13.Be3 Be6 14.Nxe7+ Qxe7 15.d4 Na5
16.b3 b6 17.Qd2 Rac8 18.f4 f6 19.Rac1 h6 20.Qd3 Kh8 21.d5 exf4 22.gxf4 Bg4
23.b4 Nb7 24.Bd4 Nd8 25.Qg3 Bd7 26.e5 Rxc1 27.Rxc1 dxe5 28.fxe5 Qxb4 29.Qc3 Qxc3
30.Rxc3 fxe5 31.Bxe5 Nf7 32.Rf3 Kg8 33.Bc7 Re8 34.Ra3 Re1+ 35.Kf2 Rc1 36.Rxa7 Rc2+
37.Kg3 Rc3+ 38.Kf4 g5+ 39.Ke4 Rc2 40.Bf1 g4 41.Bf4 Rf2 42.Bc4 Bf5+ 43.Kxf5 Nd6+
44.Kxg4 Nxc4 45.d6  1-0

[Event "JUG-ch op"]
[Site "Nis"]
[Date "1996.??.??"]
[Round "8"]
[White "Knezevic, Bojan"]
[Black "Vukovic, Zdravko"]
[Result "0-1"]
[WhiteElo "2380"]
[BlackElo "2475"]

1.e4 c5 2.Nf3 Nc6 3.Nc3 d6 4.d4 cxd4 5.Nxd4 Nf6 6.Bg5 e6 7.Qd2 Be7 8.O-O-O O-O
9.f4 h6 10.Bh4 Bd7 11.Nf3 Qa5 12.Kb1 Rfc8 13.Bb5 Nb4 14.Bxd7 Nxe4 15.Bxc8 Nxd2+
16.Rxd2 Bxh4 17.Bxb7 Rb8 18.Nxh4 Rxb7 19.Rxd6 Na6 20.Nd1 Nc5 21.Nf3 Rb4 22.g3 Qc7
23.Rd4 Rxd4 24.Nxd4 Qb7 25.Re1 Qg2  0-1

[Event "JUG-chT (Women)"]
[Site "Novi Sad"]
[Date "1996.??.??"]
[Round "?"]
[White "Saric, Natasa"]
[Black "Manakova, Maria"]
[Result "1-0"]
[WhiteElo "2080"]
[BlackElo "2290"]

1.e4 c5 2.Ne2 Nc6 3.Nbc3 g6 4.g3 Bg7 5.Bg2 e6 6.d3 Nge7 7.O-O O-O 8.h3 Rb8
9.Be3 Nd4 10.f4 d6 11.Bf2 Nec6 12.Re1 b5 13.Qd2 Qa5 14.Nxd4 Nxd4 15.Be3 Bb7
16.Qf2 b4 17.Nd1 b3 18.cxb3 Nc2 19.Nc3 Nxa1 20.Rxa1 Rfd8 21.g4 Qb4 22.f5 Bd4
23.Bxd4 Qxd4 24.Qxd4 cxd4 25.Nb5 gxf5 26.Nxd4 fxe4 27.dxe4 Rbc8 28.Rd1 Kf8
29.Rd2 Ke7 30.Kf2 d5 31.e5 f6 32.Re2 Re8 33.h4 fxe5 34.Rxe5 Kd6 35.Rh5 Re7
36.Rh6 Kd7 37.g5 Rf8+ 38.Kg3 Rg8 39.Nxe6 Rxe6 40.Bh3 Rg6 41.Rxh7+ Kc6 42.Bxe6 Rxe6
43.Rh6 Kd6 44.g6 Bc6 45.g7 Rxh6 46.g8=Q Rf6 47.Qb8+ Ke6 48.Qxa7 Rg6+ 49.Kf4 Rf6+
50.Ke3 Rh6 51.Qd4 Rh5 52.Qg4+ Rf5 53.h5 Be8 54.h6 Bh5 55.Qxf5+  1-0

[Event "JUG-chT (Women)"]
[Site "Novi Sad"]
[Date "1996.??.??"]
[Round "?"]
[White "Saric, Natasa"]
[Black "Gaponenko, Inna"]
[Result "0-1"]
[WhiteElo "2080"]
[BlackElo "2390"]

1.e4 c5 2.Ne2 Nc6 3.Nbc3 Nf6 4.g3 g6 5.Bg2 Bg7 6.O-O d6 7.d3 Bd7 8.h3 Qc8
9.Kh2 h5 10.f4 Nd4 11.Nd5 Ng8 12.c3 Nc6 13.Ng1 e6 14.Ne3 Nge7 15.Nf3 f5 16.exf5 gxf5
17.h4 Qc7 18.Ng5 Bf6 19.Bf3 O-O-O 20.Nf7 e5 21.Nc4 Be6 22.Nxh8 Rxh8 23.Na3 Qd8
24.Nc2 Rg8 25.b4 exf4 26.Bxf4 Ng6 27.Bg5 Bxg5 28.hxg5 Qxg5 29.Qc1 f4 30.Rg1 Nh4
31.Ne1 fxg3+ 32.Kh1 Qxc1 33.Rxc1 Nxf3 34.Nxf3 Bd5 35.Kg2 Ne5 36.Rcf1 Nxf3
37.Rxf3 Rf8 38.Rf1 Rxf3 39.Rxf3 h4 40.b5 Bxf3+ 41.Kxf3 a6 42.a4 axb5 43.axb5 Kd7  0-1

[Event "SCO-ch"]
[Site "Oban"]
[Date "1996.??.??"]
[Round "4"]
[White "Robertson, Ian C"]
[Black "Weston, Richard"]
[Result "1-0"]
[WhiteElo "2220"]
[BlackElo "2155"]

1.e4 c5 2.Nf3 Nc6 3.Nc3 g6 4.b3 Bg7 5.Bb2 d6 6.h3 Nf6 7.Nd5 e6 8.Bxf6 Bxf6
9.Nxf6+ Qxf6 10.c3 Bd7 11.g3 Ne5 12.Nh2 Bc6 13.Qe2 Nd7 14.Bg2 h5 15.h4 a6
16.a4 O-O-O 17.f4 e5 18.O-O Rhe8 19.Rad1 exf4 20.Rxf4 Qe6 21.c4 d5 22.d3 dxe4
23.dxe4 f5 24.Nf3 Nf6 25.Ng5 Qe7 26.Rxd8+ Rxd8 27.e5 Bxg2 28.Kxg2 Ng4 29.e6 Rd6
30.Rf1 Rd4 31.Re1 Nf6 32.Qe5 Rd2+ 33.Kg1 Rd3 34.Re2 Rd1+ 35.Kg2 Rd3 36.a5 Rd8
37.Qc3 Rd4 38.Re5 Ne4 39.Nxe4 Rxe4 40.Rxe4 fxe4 41.Qe5  1-0

[Event "Oberwart op"]
[Site "Oberwart"]
[Date "1996.??.??"]
[Round "1"]
[White "Volkmann, Friedrich"]
[Black "Angerer, Michael"]
[Result "1-0"]
[WhiteElo "2380"]
[BlackElo "1920"]

1.e4 c5 2.Nf3 Nc6 3.Nc3 a6 4.d4 cxd4 5.Nxd4 Nf6 6.Nxc6 bxc6 7.e5 Nd5 8.Nxd5 cxd5
9.Qxd5 Rb8 10.Bc4 e6 11.Qd4 Qa5+ 12.c3 Qc7 13.O-O Bc5 14.Qg4 Kf8 15.b3 h5
16.Qf4 Bb7 17.Be3 Be7 18.h4 Rg8 19.Qd4 g5 20.hxg5 Bxg5 21.Qc5+ Qxc5 22.Bxc5+ Ke8
23.f3 h4 24.Kf2 Bf4 25.Bd4 Bg3+ 26.Ke3 f5 27.Rh1 Rg6 28.Rad1 d6 29.exd6 Kd7
30.Ke2 Rc8 31.Bf2 Bxd6 32.Rxh4 e5 33.Rh7+  1-0

[Event "Oberwart op"]
[Site "Oberwart"]
[Date "1996.??.??"]
[Round "4"]
[White "Lendwai, Reinhard"]
[Black "Horvath, Csaba"]
[Result "0-1"]
[WhiteElo "2370"]
[BlackElo "2530"]

1.e4 c5 2.Ne2 Nc6 3.Nbc3 e6 4.g3 d5 5.exd5 exd5 6.Bg2 d4 7.Nd5 Nge7 8.Nef4 Nxd5
9.Nxd5 Bd6 10.d3 O-O 11.O-O Be6 12.Nf4 Bxf4 13.Bxf4 Bd5 14.Re1 Qd7 15.a3 Rae8
16.Qh5 Bxg2 17.Kxg2 b6 18.Kf1 f6 19.Rxe8 Rxe8 20.Re1 Rxe1+ 21.Kxe1 Qe6+ 22.Kd1 g6
23.Qf3 g5 24.Bd2 g4 25.Qg2 Kg7 26.Bf4 Kg6 27.Bc7 h5 28.Qh1 Kf7 29.Bf4 b5
30.Kc1 c4 31.Kd2 a5 32.Qg2 Ke7 33.Qh1 Kd7 34.dxc4 bxc4 35.a4 Qf5 36.Kc1 h4
37.Qd1 h3 38.f3 Qd5 39.fxg4 Qg2 40.Be3 Qxh2 41.Bxd4 Qg2 42.Bc5+ Kc8 43.Bg1 Nb4
44.g5 fxg5 45.Qg4+ Kb7 46.Ba7 Kxa7 47.Qd4+ Kb8 48.Qd8+ Kb7 49.Qd7+ Kb8 50.Qd8+ Kb7
51.Qd7+ Ka6 52.Qb5+ Ka7 53.Qc5+ Kb8 54.Qe5+ Kc8 55.Qf5+ Kb8 56.Qe5+ Kb7 57.Qb5+ Kc7
58.Qxa5+ Kd7 59.Qxb4 Qh1+ 60.Kd2 Qd5+  0-1

[Event "RUS-Cup3"]
[Site "Omsk"]
[Date "1996.??.??"]
[Round "6"]
[White "Eismont, Oleg"]
[Black "Kozirev, Alexander"]
[Result "1/2-1/2"]
[WhiteElo "2455"]
[BlackElo "2370"]

1.e4 c5 2.Nf3 Nc6 3.Nc3 e6 4.Bb5 Nge7 5.O-O a6 6.Bxc6 Nxc6 7.d4 cxd4 8.Nxd4 d6
9.Re1 Bd7 10.Nxc6 bxc6 11.e5 d5 12.Qg4 h5 13.Qg3 h4 14.Qg4 h3 15.g3 Rb8 16.a3 c5
17.Ne2 Qa5 18.c3 Qa4 19.Nf4 Rb3 20.Qe2 Be7 21.Rb1 Bc6 22.Bd2 Qc4 23.Nd3 Bb5
24.Nc1 Qxe2 25.Rxe2 Bxe2 26.Nxb3 Kd7 27.Be3 Kc6 28.Na5+ Kb5 29.b4 d4 30.cxd4 cxb4
31.axb4 Bf3 32.Nb3 Bxb4 33.Bd2 Be7 34.Na5+ Ka4  1/2-1/2

[Event "RUS-Cup3"]
[Site "Omsk"]
[Date "1996.??.??"]
[Round "6"]
[White "Varavin, Viktor"]
[Black "Starosek, Konstantin"]
[Result "0-1"]
[WhiteElo "2520"]
[BlackElo "2475"]

1.e4 c5 2.Ne2 Nc6 3.Nbc3 e5 4.Ng3 g6 5.Bc4 Bg7 6.d3 Nf6 7.h4 h6 8.h5 d6 9.hxg6 fxg6
10.a4 Qe7 11.a5 Be6 12.a6 b6 13.Nd5 Bxd5 14.exd5 Nd8 15.Be3 Nf7 16.Bb5+ Kf8
17.Bc6 Rd8 18.Ra4 h5 19.Bd2 Bh6 20.Bc3 Kg7 21.Qe2 Rdf8 22.Rah4 Bg5 23.R4h3 Nh6
24.O-O Bf4 25.b4 Bxg3 26.Rxg3 Nf5 27.Rh3 Nd4 28.Qd2 Qf7 29.Bxd4 cxd4 30.c3 dxc3
31.Qxc3 Nxd5 32.Qb2 Nf4 33.Rf3 Qe6 34.Re1 h4 35.d4 Qg4 36.Rfe3 d5 37.Bxd5 Nxd5
38.Rxe5 Nf4 39.f3 Qg3 40.d5 Kh6 41.Re7 Rhg8 42.Rc1 h3 43.Rcc7 Qxg2+ 44.Qxg2 hxg2
45.d6 Kg5 46.Re5+ Rf5 47.Rxf5+ gxf5 48.d7 Kf6  0-1

[Event "RUS-Cup3"]
[Site "Omsk"]
[Date "1996.??.??"]
[Round "7"]
[White "Fedorov, Alexei"]
[Black "Sherbakov, Vitaly S"]
[Result "1/2-1/2"]
[WhiteElo "2555"]
[BlackElo "2370"]

1.e4 c5 2.Nf3 Nc6 3.Nc3 d6 4.d4 cxd4 5.Nxd4 e5 6.Nf5 Bxf5 7.exf5 Qd7 8.g4 h5
9.Be3 hxg4 10.Qxg4 Nf6 11.Qa4 d5 12.O-O-O d4 13.f4 O-O-O 14.fxe5 Ng4 15.Bxd4 Nxd4
16.Bb5 Qxf5 17.Rxd4 Rxd4 18.Qxd4 Nxe5 19.Rd1 Kb8 20.Nd5 Be7 21.Kb1 Qe6 22.Qc3 Bd6
23.a4 Rxh2 24.a5 Qh3  1/2-1/2

[Event "RUS-Cup3"]
[Site "Omsk"]
[Date "1996.??.??"]
[Round "9"]
[White "Landa, Konstantin"]
[Black "Starosek, Konstantin"]
[Result "1/2-1/2"]
[WhiteElo "2570"]
[BlackElo "2475"]

1.e4 c5 2.Nf3 Nc6 3.Nc3 d6 4.d4 cxd4 5.Nxd4 e5 6.Nf3 Be7 7.Bc4 Be6 8.Bb3 h6
9.O-O Nf6 10.Qe2 O-O 11.h3 Na5 12.Bd5 a6 13.b3 Rc8 14.Bb2 b5 15.Rfd1 Qb6
16.Nh4 b4 17.Na4 Qb5 18.c4 bxc3 19.Qxb5 axb5 20.Nxc3 b4 21.Ng6 Rfe8 22.Bxe6 fxe6
23.Nxe7+ Rxe7 24.Na4 Nb7 25.f3 Rc2 26.Rac1 Rec7 27.Rxc2 Rxc2 28.Rc1 Rd2 29.Rc8+ Kh7
30.Rb8 Nc5 31.Nxc5 dxc5 32.Bxe5 Rxa2 33.Rb7 Kg8 34.Bd6 Rc2 35.Rc7 Rc3 36.Rxc5 Rxb3
37.Rb5 Rb1+ 38.Kf2 b3 39.Be5 Nd7 40.Bc3 g5 41.Kg3 Kf7 42.Rb7 Ke8 43.Kg4 Rg1
44.Kg3 Rb1 45.Bd4 Rd1 46.Bg7 Kf7 47.Bxh6 Kg6 48.Bxg5 Kxg5 49.Rxb3 Nf6 50.h4+ Kg6
51.Rb6 Kf7 52.Rb7+ Kg6 53.Rb6 Kf7 54.Rb7+ Kg6 55.Kf4 Nd7 56.Rc7 e5+ 57.Ke3 Nf8
58.Rc6+ Kf7 59.Rc7+ Ke6 60.Ra7 Rh1 61.g3 Kf6 62.f4 exf4+ 63.Kxf4 Ne6+ 64.Kg4 Re1
65.Ra4 Nc5 66.Rb4 Rxe4+ 67.Rxe4 Nxe4 68.Kf4 Nxg3 69.Kxg3  1/2-1/2

[Event "RUS-chT"]
[Site "Orel"]
[Date "1996.??.??"]
[Round "?"]
[White "Zhelnin, Vladimir V"]
[Black "Filipenko, Alexander V"]
[Result "1/2-1/2"]
[WhiteElo "2470"]
[BlackElo "2425"]

1.e4 c5 2.Nc3 Nc6 3.Nge2 d6 4.d4 cxd4 5.Nxd4 Nf6 6.f4 g6 7.Be2 Bg7 8.Nb3 O-O
9.O-O a5 10.a4 Qb6+ 11.Kh1 Nb4 12.Bf3 Be6  1/2-1/2

[Event "RUS-chT"]
[Site "Orel"]
[Date "1996.??.??"]
[Round "?"]
[White "Maiorov, Oleg"]
[Black "Stripunsky, Alexander"]
[Result "0-1"]
[WhiteElo "2420"]
[BlackElo "2495"]

1.e4 c5 2.Nf3 Nc6 3.Nc3 e5 4.Bc4 d6 5.d3 h6 6.O-O Nf6 7.h3 a6 8.a4 g5 9.Nh2 Ne7
10.h4 Rg8 11.hxg5 hxg5 12.Qf3 Nc6 13.Nd5 Nxd5 14.Bxd5 Rg7 15.Ng4 Nd4 16.Nf6+ Qxf6  0-1